| 000 | 01150nam a2200241Ia 4500 | ||
|---|---|---|---|
| 003 | OSt | ||
| 005 | 20210104122342.0 | ||
| 008 | 191128s1945 sp aodegr 000 0 spa d | ||
| 040 |
_aCO-JMCR _cCO-JMCR |
||
| 041 | 1 |
_aspa _hfre |
|
| 082 | 0 | 4 |
_a658.542 / _bB952e _223 |
| 110 | 2 |
_aBureau des temps elementaires _912613 |
|
| 245 | 1 | 3 |
_aEl estudio del trabajo / _cpor el Bureu des temps Elementaires (B.T.E.) ; traducida por Juan Cardó Serra |
| 260 |
_aBarcelona : _bEditorial Dirección y Productividad, _c[1945] |
||
| 300 |
_a434 páginas : _bilustraciones, fotografías, gráficos y planos a blanco y negro ; _c22 cm. |
||
| 504 | _aBibliografía al final de algunos capítulos. | ||
| 505 | 0 | _aFines y medios -- Simplificación y mejora de métodos -- Estudio de los movimientos -- Estudio de los tiempos -- Dos ejemplos característicos -- La preparación del trabajo: sus medios y su organización -- La preparación del trabajo: su aplicación práctica | |
| 534 | _pL´etude du traval | ||
| 546 | _aTraducido del francés | ||
| 650 | 1 | 4 |
_aOrganización del trabajo _912614 |
| 700 | 1 |
_aCardó Serra, Juan, _etraductor _912615 |
|
| 942 |
_2ddc _cBK |
||
| 999 |
_c6186 _d6186 |
||